Logos II: Social Media - Statistics

General Stats
  • This quiz has been taken 44 times
  • The average score is 14 of 16
Answer Stats
Picture Answer % Correct
Facebook
100%
Instagram
100%
Reddit
100%
Snapchat
100%
TikTok
100%
Twitter
100%
YouTube
100%
Pinterest
93%
WhatsApp
93%
Discord
88%
Messenger
88%
LinkedIn
80%
OnlyFans
68%
Telegram
68%
Vimeo
54%
Tumblr
49%
No matching quizzes found
Score Distribution
Percent of People with Each Score
Percentile by Number Answered
Your Score History
You have not taken this quiz